Normal view
MARC view
- JAVA 1.2
Entry Topical Term
001 - CONTROL NUMBER
- control field: 58633
003 - CONTROL NUMBER IDENTIFIER
- control field: NUST
005 - DATE AND TIME OF LATEST TRANSACTION
- control field: 20210628202201.0
008 - FIXED-LENGTH DATA ELEMENTS
- fixed length control field: 210628|| aca||aabn | a|a d
040 ## - CATALOGING SOURCE
- Original cataloging agency: NUST
- Transcribing agency: NUST
150 ## - HEADING--TOPICAL TERM
- Topical term or geographic name entry element: JAVA 1.2
670 ## - SOURCE DATA FOUND
- Source citation: Work cat.: (NUST): Cornell, Gray Horstmann, Cay S 58632, Core java 1.2, fundamental,vol-1, 2000
